20 häufigste Substantive (Gesamt) - Statistiken

Allgemein
  • Dieses Quiz wurde 22 mal gespielt
  • Das Durchschnittsergebnis liegt bei 5 aus 20
Antwortstatistiken
Rang Wort % Korrekt
11. Frau
80%
14. Mann
80%
10. Kind
75%
5. Mensch
50%
6. Tag
45%
9. Land
35%
1. Jahr
30%
7. Zeit
30%
8. Deutschland
15%
3. Euro
15%
2. Uhr
15%
18. Berlin
10%
13. Stadt
10%
16. Woche
10%
20. Fall
5%
17. Unternehmen
5%
19. Ander...
0%
15. Ende
0%
12. Million
0%
4. Prozent
0%
Keine übereinstimmenden Quizze gefunden
Verteilung der Resultate
Anzahl Personen mit jedem Resultat
Perzentil nach korrekt beantworteten Fragen
Ihre Resultats-Entwicklung
Sie haben dieses Quiz noch nicht gespielt